| 000 | 00914nac a22002777a 4500 | ||
|---|---|---|---|
| 001 | BR9704134 | ||
| 003 | BR-BrBNA | ||
| 005 | 20240105121938.0 | ||
| 008 | 230509b bl.|||m| |||| 00| 0 por d | ||
| 040 |
_aBR-BrBNA _bpor _cBiblioteca Nacional de Agricultura |
||
| 072 | _aH10 | ||
| 090 | _a0230 BR9704134 | ||
| 100 | 1 | _aRibemboim, J.A. | |
| 110 | 1 |
_aComissao Executiva de Defesa Sanitaria da Lavoura Canavieira de Pernambuco, Recife (Brasil) _92087 |
|
| 245 | 1 | _aNormas de polvilhamento aereo | |
| 260 | 3 |
_aRecife, PE (Brasil): _c1970. |
|
| 300 | _a85 p. | ||
| 490 |
_aPublicacoes - Comissao Executiva de Defesa Sanitaria da Lavoura Canavieira de Pernambuco (Brazil) _vno. 27 _x |
||
| 650 | _aCana de Acucar | ||
| 650 | _aCigarrinha | ||
| 650 | _aControle Integrado | ||
| 650 | _aPraga de Planta | ||
| 650 | _aPernambuco | ||
| 909 |
_a202312 _bLúcia Elande _c55 _dLúcia Elande |
||
| 942 |
_2AGRIS _n0 _cMS |
||
| 999 |
_c288359 _d288359 |
||